[Event "POL-ch Teachers"]
[Site "Krakow"]
[Date "2010.06.03"]
[Round "2.5"]
[White "Sadzikowski, Daniel"]
[Black "Ruggiero, Janusz"]
[Result "1-0"]
[WhiteElo "2258"]
[BlackElo "1669"]
[PlyCount "51"]
[EventDate "2010.06.03"]
[EventType "swiss"]
[EventRounds "9"]
[EventCountry "POL"]
[SourceTitle "EXT 2023"]
[Source "ChessBase"]
[SourceDate "2022.10.05"]
[SourceVersion "1"]
[SourceVersionDate "2022.10.05"]
[SourceQuality "1"]

1. e4 e5 2. Nf3 Nc6 3. Bb5 Nf6 4. 0-0 d6 5. d4 exd4 6. Nxd4 Bd7 7. Nc3 Nxd4 8. Qxd4 Bxb5 9. Nxb5 a6 10. Nc3 Be7 11. b3 Qd7 12. Bb2 0-0-0 13. Rad1 Kb8 14. Bc1 Ng4 15. Nd5 Bf6 16. Nxf6 Nxf6 17. Be3 b6 18. Bg5 Rdg8 19. Bxf6 gxf6 20. Qxf6 Rxg2+ 21. Kxg2 Qg4+ 22. Kh1 Rg8 23. Rg1 Qxe4+ 24. f3 Rxg1+ 25. Rxg1 Qxc2 26. Qxf7 1-0

[Event "Krakow op"]
[Site "Krakow"]
[Date "2006.05.01"]
[Round "3"]
[White "Ruggiero, Janusz"]
[Black "Ciesla, Konrad"]
[Result "0-1"]
[WhiteElo "1800"]
[BlackElo "1970"]
[PlyCount "60"]
[EventDate "2006.04.27"]
[EventType "swiss"]
[EventRounds "9"]
[EventCountry "POL"]
[SourceTitle "CBM 112 Extra"]
[Source "ChessBase"]
[SourceDate "2006.07.14"]
[SourceVersion "1"]
[SourceVersionDate "2006.07.14"]
[SourceQuality "1"]

1. d4 d5 2. c4 c6 3. cxd5 cxd5 4. Nc3 Nc6 5. Nf3 Bf5 6. Bf4 e6 7. a3 Bd6 8. Bxd6 Qxd6 9. e3 a6 10. Rc1 Nge7 11. Bd3 0-0 12. 0-0 f6 13. b4 Na7 14. Bxf5 Nxf5 15. Qd3 Qd7 16. Nd2 Rfc8 17. Nb3 Nb5 18. Nc5 Qc6 19. Ne2 b6 20. Nxa6 Qd7 21. a4 Rxc1 22. Rxc1 Rxa6 23. Qxb5 Qxb5 24. axb5 Ra4 25. Rb1 Nd6 26. Nc3 Ra3 27. Rc1 Rb3 28. g3 Rxb4 29. Na2 Rb2 30. Rc8+ Nxc8 0-1